| 000 | 00568nam a22001817a 4500 | ||
|---|---|---|---|
| 003 | CEME | ||
| 005 | 20210628203246.0 | ||
| 008 | 210203b xxu||||| |||| 00| 0 eng d | ||
| 020 | _a8188458937 | ||
| 040 | _c. | ||
| 082 | _a621.30287 GUP | ||
| 100 |
_aGupta, J.B _93449 |
||
| 245 | _aA course in electronics and electrical measurements and instrumentation | ||
| 260 |
_aNEW DELHI _bS.K.KATARIA & SONS _c2010 |
||
| 300 | _aXVII, 1570P | ||
| 650 |
_aELECTRONICS MEASUREMENTS AND INSTRUMENTATION.ELECTRICAL MEASUREMENTS AND INSTRUMENTATION _964339 |
||
| 942 |
_cBK _2ddc |
||
| 999 |
_c572865 _d572865 |
||